00511nam a22001577a 450000500170000001000150001702000260003203500140005803700090007208200060008110000240008724500500011126000560016127001150021730000210033220220210124238.0 aENG-131497 a9789389152609c499.00 aEN-115029 bDBAD aN aKhan, Tarana Husain aThe Began and The Dastan/cTarana Husain Khan aChennaibWestland Publication Private Limitedc2021 a1st Floor, A Block, East Wing, Plot No. 40 SP infocity, Dr. MGR Salai, Pergudi, KandanchavadibChennaie600096 a271p.c22cm(pbk)